[Event "2BLS 1920 SV 1920 Hofheim - SC Heusenst"]
[Site "?"]
[Date "2019.10.20"]
[Round "2.8"]
[White "Tischendorf, Michael"]
[Black "Solonar, Stefan"]
[Result "1/2-1/2"]
[WhiteElo "2154"]
[BlackElo "2300"]
[PlyCount "70"]
[EventDate "2019.??.??"]

1. d4 Nf6 2. Nc3 d5 3. Bf4 a6 4. e3 Bf5 5. f3 e6 6. g4 Bg6 7. h4 h5 8. g5 Nfd7
9. Bd3 Bxd3 10. Qxd3 g6 11. O-O-O Bg7 12. e4 Nb6 13. Nge2 Nc6 14. exd5 exd5 15.
Qe3+ Ne7 16. Qf2 O-O 17. Be5 Nc4 18. Bxg7 Kxg7 19. Nf4 c6 20. Rhe1 Nf5 21. Nd3
Qb6 22. b3 Nce3 23. Rxe3 Qxd4 24. Kd2 Nxe3 25. Qxe3 Qxh4 26. Qe5+ Kg8 27. Re1
Rad8 28. Re2 Qh3 29. Qf6 Rde8 30. Ne5 Qc8 31. Nxg6 Rxe2+ 32. Nxe2 fxg6 33.
Qxg6+ Kh8 34. Qh6+ Kg8 35. Qg6+ Kh8 1/2-1/2

[Event "2BLS 1920 OSG Baden-Baden II - Stuttgar"]
[Site "?"]
[Date "2019.10.20"]
[Round "2.1"]
[White "Schitco, Ivan"]
[Black "Gozzoli, Yannick"]
[Result "1/2-1/2"]
[WhiteElo "2492"]
[BlackElo "2604"]
[PlyCount "149"]
[EventDate "2019.??.??"]

1. d4 Nf6 2. c4 e6 3. g3 Bb4+ 4. Bd2 Be7 5. Bg2 d5 6. Nf3 Ne4 7. O-O c6 8. Qc2
Nd7 9. Nc3 Nxd2 10. Nxd2 O-O 11. e4 dxc4 12. Nxc4 Nb6 13. Nxb6 Qxb6 14. d5 Rd8
15. Na4 Qa5 16. dxc6 bxc6 17. Rfd1 Bd7 18. a3 c5 19. Nc3 Be8 20. e5 Rab8 21.
Rxd8 Rxd8 22. Rd1 Rd4 23. Rd3 Qd8 24. Be4 g6 25. Ne2 Rxd3 26. Qxd3 Qb6 27. Qc2
c4 28. Kg2 Bc5 29. f3 Qc7 30. f4 Bb6 31. Nc3 Qc5 32. Kh3 Qe3 33. Qe2 Qxe2 34.
Nxe2 Be3 35. Kg2 Ba4 36. Kf1 g5 37. Ke1 h6 38. f5 Bb6 39. fxe6 fxe6 40. Kd2 Bc7
41. Kc3 Bxe5+ 42. Nd4 Bb5 43. Bb1 Kf7 44. Ba2 Kf6 45. Bxc4 Be8 46. Kd3 h5 47.
Ke3 g4 48. b3 Bd7 49. Ke4 Bc8 50. Ne2 Bb2 51. Nf4 Bb7+ 52. Kd3 e5 53. Nd5+ Kg5
54. a4 Bd4 55. Ne3 Bc5 56. Bg8 h4 57. Bh7 h3 58. Be4 Ba6+ 59. Kd2 Bc8 60. Bd5
Bd7 61. Ke2 Bc8 62. Kd2 Bb4+ 63. Ke2 Bc3 64. Bc4 Bb7 65. Bd5 Ba6+ 66. Bc4 Bb7
67. Bd5 Bc8 68. Bc4 Bd4 69. Bd5 Kf6 70. Bc4 e4 71. b4 Ke5 72. Bf7 Kf6 73. Bd5
Ke5 74. Bf7 Kf6 75. Bd5 1/2-1/2

[Event "2BLS 1920 OSG Baden-Baden II - Stuttgar"]
[Site "?"]
[Date "2019.10.20"]
[Round "2.2"]
[White "Dann, Matthias"]
[Black "Kvetny, Mark"]
[Result "1-0"]
[WhiteElo "2503"]
[BlackElo "2427"]
[PlyCount "59"]
[EventDate "2019.??.??"]

1. d4 d5 2. c4 e6 3. Nc3 Bb4 4. Nf3 dxc4 5. e4 b5 6. a4 c6 7. Be2 Bb7 8. O-O
Ne7 9. Qc2 a6 10. b3 c5 11. dxc5 Nd7 12. bxc4 bxc4 13. Rb1 a5 14. Rd1 Qc8 15.
Bg5 f6 16. Nb5 O-O 17. Nd6 Qc7 18. Be3 c3 19. Nxb7 Qxb7 20. Qxc3 Qxe4 21. Qc4
Nxc5 22. Rxb4 axb4 23. Bxc5 Qxc4 24. Bxc4 Rfd8 25. Re1 Nd5 26. Nd4 Ra5 27. Nxe6
Rd7 28. Bxb4 Nxb4 29. Ng5+ Kf8 30. Nxh7# 1-0

[Event "2BLS 1920 OSG Baden-Baden II - Stuttgar"]
[Site "?"]
[Date "2019.10.20"]
[Round "2.3"]
[White "Benkovic, Petar"]
[Black "Bellahcene, Bilel"]
[Result "1-0"]
[WhiteElo "2395"]
[BlackElo "2540"]
[PlyCount "78"]
[EventDate "2019.??.??"]

1. d4 Nf6 2. Nf3 e6 3. c4 d5 4. e3 b6 5. Nc3 Bd6 6. Bd3 Bb7 7. O-O O-O 8. b3
Nbd7 9. Bb2 a6 10. Rc1 Ne4 11. Ne2 Qe7 12. Qc2 f5 13. cxd5 exd5 14. Ne5 g6 15.
Nc6 Qe8 16. Nf4 Nef6 17. Rfe1 Rf7 18. Bf1 Qf8 19. g3 Re8 20. Bg2 Bxc6 21. Qxc6
Nb8 22. Qc2 c6 23. Nd3 Rc7 24. Qd1 Nbd7 25. Re2 Qe7 26. Rec2 Rec8 27. Qe1 h5
28. Re2 g5 29. f4 Ne4 30. Ne5 gxf4 31. Bxe4 dxe4 32. gxf4 Kh7 33. Rg2 Nxe5 34.
dxe5 Bc5 35. Qe2 Qh4 36. Kh1 Rg7 37. Rxg7+ Kxg7 38. Rg1+ Kh6 39. Qc4 Qe7 {Flag}
1-0

[Event "2BLS 1920 OSG Baden-Baden II - Stuttgar"]
[Site "?"]
[Date "2019.10.20"]
[Round "2.4"]
[White "Halkias, Stelios"]
[Black "Neyman, Igor"]
[Result "1-0"]
[WhiteElo "2530"]
[BlackElo "2330"]
[PlyCount "78"]
[EventDate "2019.??.??"]

1. Nf3 d5 2. d4 c6 3. c4 Nf6 4. Qb3 Qb6 5. Qc2 e6 6. Nc3 Be7 7. Bg5 Nbd7 8. e3
O-O 9. Bd3 Re8 10. O-O dxc4 11. Bxc4 h6 12. Bf4 Qa5 13. a3 b5 14. Bd3 Bb7 15.
e4 a6 16. h3 Qb6 17. b4 a5 18. Rab1 axb4 19. axb4 Qd8 20. Rfd1 Nf8 21. Be3 Qc8
22. Rdc1 Rd8 23. Qe2 Qb8 24. Ne5 N6d7 25. Ng4 Bg5 26. Bxg5 hxg5 27. e5 f5 28.
exf6 Nxf6 29. Nxf6+ gxf6 30. Ne4 Kf7 31. h4 Rxd4 32. hxg5 f5 33. Ng3 Rd5 34.
Nh5 Kg6 35. Nf4+ Kf7 36. Qh5+ Kg7 37. Qh6+ Kf7 38. g3 Qe5 39. Qh5+ Ke7 1-0

[Event "2BLS 1920 OSG Baden-Baden II - Stuttgar"]
[Site "?"]
[Date "2019.10.20"]
[Round "2.5"]
[White "Vyval, Volodymyr"]
[Black "Martin, Julian"]
[Result "0-1"]
[WhiteElo "2168"]
[BlackElo "2375"]
[PlyCount "72"]
[EventDate "2019.??.??"]

1. e4 c5 2. Nf3 Nc6 3. d4 cxd4 4. Nxd4 e5 5. Nb5 d6 6. N1c3 a6 7. Na3 Be7 8.
Nc4 b5 9. Ne3 Nf6 10. Bd3 O-O 11. a4 b4 12. Ncd5 Rb8 13. O-O a5 14. c3 Be6 15.
g4 Nd7 16. Bb5 Na7 17. cxb4 axb4 18. Nxb4 Nc5 19. Nc6 Nxc6 20. Bxc6 Nb3 21. Rb1
Bg5 22. Bd5 Nd4 23. b4 Qf6 24. Kg2 Qg6 25. Nf5 Bxd5 26. exd5 Nxf5 27. gxf5 Qxf5
28. Bxg5 Qxg5+ 29. Kh1 Qf4 30. Qb3 Rfc8 31. a5 g6 32. f3 Rc4 33. b5 Rxb5 34.
Qd3 Rxa5 35. Rf2 Rd4 36. Qc3 Raxd5 0-1

[Event "2BLS 1920 OSG Baden-Baden II - Stuttgar"]
[Site "?"]
[Date "2019.10.20"]
[Round "2.6"]
[White "Schmaltz, Roland"]
[Black "Beyer, Christian"]
[Result "1-0"]
[WhiteElo "2461"]
[BlackElo "2277"]
[PlyCount "61"]
[EventDate "2019.??.??"]

1. e4 c5 2. Nf3 e6 3. d4 cxd4 4. Nxd4 Bc5 5. Be3 Qb6 6. Na3 d5 7. Bb5+ Bd7 8.
O-O Ne7 9. b4 Bxb4 10. Bxd7+ Nxd7 11. Nf5 Qa5 12. Nxg7+ Kf8 13. Bh6 Kg8 14. Nc4
Qc7 15. Ne3 Bc3 16. exd5 Bxg7 17. Bxg7 Kxg7 18. d6 Qc5 19. dxe7 Qxe7 20. Re1
Kf8 21. Qd4 Rg8 22. Rad1 Nc5 23. Nf5 Qc7 24. Nh6 Rg7 25. Re3 Rc8 26. Rf3 e5 27.
Qd5 Na4 28. Nf5 e4 29. Qxe4 Rd8 30. Re1 Nc5 31. Nxg7 1-0

[Event "2BLS 1920 OSG Baden-Baden II - Stuttgar"]
[Site "?"]
[Date "2019.10.20"]
[Round "2.7"]
[White "Schwarzburger, Lothar"]
[Black "Schmider, Niklas"]
[Result "0-1"]
[WhiteElo "2186"]
[BlackElo "2261"]
[PlyCount "76"]
[EventDate "2019.??.??"]

1. e4 c5 2. Nf3 d6 3. d4 cxd4 4. Nxd4 Nf6 5. Nc3 a6 6. Be2 e5 7. Nb3 Be7 8. Be3
O-O 9. f3 Be6 10. Qd2 Nbd7 11. Nd5 Bxd5 12. exd5 Rc8 13. c4 Nh5 14. O-O h6 15.
g4 Nhf6 16. Kh1 Nh7 17. Bd3 Ng5 18. Rac1 Re8 19. Rc2 b6 20. Qg2 Nh7 21. Bf5 Bg5
22. Bxg5 Nxg5 23. h4 Nh7 24. g5 hxg5 25. hxg5 g6 26. Bh3 Rc7 27. Rg1 Kg7 28.
Nd2 Nc5 29. Ne4 Rh8 30. Nxc5 Rxc5 31. Kh2 b5 32. b3 bxc4 33. Rxc4 Rxd5 34. f4
Rd3 35. Qe2 Rxh3+ 36. Kxh3 Nxg5+ 37. Kg2 Qa8+ 38. Kf1 Nf3 0-1

[Event "2BLS 1920 OSG Baden-Baden II - Stuttgar"]
[Site "?"]
[Date "2019.10.20"]
[Round "2.8"]
[White "Kachiani-Gersinska, Ketino"]
[Black "Fritsch, Rolf"]
[Result "1/2-1/2"]
[WhiteElo "2317"]
[BlackElo "2162"]
[PlyCount "81"]
[EventDate "2019.??.??"]

1. Nf3 d6 2. g3 g6 3. Bg2 Bg7 4. c4 e5 5. Nc3 Nc6 6. Rb1 f5 7. d3 Nf6 8. O-O
O-O 9. b4 h6 10. b5 Ne7 11. c5 Be6 12. Ba3 Ne8 13. cxd6 cxd6 14. e3 Rc8 15. Qd2
b6 16. Rfc1 Qd7 17. d4 e4 18. Ne1 Bc4 19. Nc2 Nc7 20. Bf1 Bxf1 21. Kxf1 Ncd5
22. Ne2 Rc7 23. Nb4 Rfc8 24. Nxd5 Nxd5 25. Rxc7 Rxc7 26. Qb2 Bf8 27. Qb3 Qf7
28. Rc1 Rxc1+ 29. Bxc1 g5 30. Qc2 Qc7 31. Qb3 Qf7 32. Ke1 Nc7 33. Qa4 Nd5 34.
Qc4 Nf6 35. Qc8 Qd7 36. Qc4+ d5 37. Qb3 Kf7 38. a4 Qc8 39. h4 Ke6 40. Kd2 Bd6
41. hxg5 1/2-1/2

[Event "2BLS 1920 SC Emmendingen - TSV Schönai"]
[Site "?"]
[Date "2019.10.20"]
[Round "2.1"]
[White "Krassowizkij, Jaroslaw"]
[Black "Baklan, Vladimir"]
[Result "1/2-1/2"]
[WhiteElo "2436"]
[BlackElo "2592"]
[PlyCount "54"]
[EventDate "2019.??.??"]

1. c4 e5 2. Nc3 Bb4 3. Qc2 c6 4. Nf3 Qe7 5. a3 Ba5 6. d4 d6 7. b4 Bc7 8. Bb2
Nf6 9. e4 O-O 10. Be2 Bg4 11. dxe5 dxe5 12. O-O Nbd7 13. Nd1 a5 14. c5 axb4 15.
axb4 Rxa1 16. Bxa1 b6 17. cxb6 Bxb6 18. Qxc6 Qxb4 19. Nc3 Qa5 20. Na4 Bxf3 21.
Bxf3 Bd4 22. Bc3 Qa7 23. Nb2 Bxc3 24. Qxc3 Qb8 25. Rc1 Nc5 26. Qxc5 Qxb2 27.
Qc3 Qb8 1/2-1/2

[Event "2BLS 1920 SC Emmendingen - TSV Schönai"]
[Site "?"]
[Date "2019.10.20"]
[Round "2.2"]
[White "Hera, Imre Jr"]
[Black "Plenca, Jadranko"]
[Result "1-0"]
[WhiteElo "2610"]
[BlackElo "2461"]
[PlyCount "85"]
[EventDate "2019.??.??"]

1. c4 e6 2. g3 d5 3. Bg2 Nf6 4. Nf3 Be7 5. O-O O-O 6. d4 Nbd7 7. Qc2 c6 8. Nbd2
b6 9. e4 dxc4 10. Nxc4 Bb7 11. Bg5 b5 12. Ne3 h6 13. e5 Nd5 14. Nxd5 cxd5 15.
Bxe7 Qxe7 16. Qc7 Rab8 17. Qa5 a6 18. Rac1 Rfc8 19. Nd2 Qe8 20. Nb3 Rc4 21. Qd2
Rbc8 22. Na5 Rxc1 23. Rxc1 Rxc1+ 24. Qxc1 Qc8 25. Qxc8+ Bxc8 26. f4 Kf8 27. Kf2
Ke8 28. g4 Nb6 29. b4 Nc4 30. Nb3 Na3 31. Na1 Kd7 32. Bf1 Kc6 33. Bd3 g6 34.
Nb3 Nc4 35. h4 Kb6 36. Nc5 a5 37. h5 gxh5 38. gxh5 axb4 39. Bg6 Nb2 40. Bxf7
Nd1+ 41. Ke2 Nc3+ 42. Kd2 Nxa2 43. f5 1-0

[Event "2BLS 1920 SC Emmendingen - TSV Schönai"]
[Site "?"]
[Date "2019.10.20"]
[Round "2.3"]
[White "Menezes, Christoph"]
[Black "Shevchenko, Kirill"]
[Result "0-1"]
[WhiteElo "2423"]
[BlackElo "2542"]
[PlyCount "76"]
[EventDate "2019.??.??"]

1. c4 Nf6 2. Nc3 g6 3. e4 d6 4. d4 Bg7 5. Nf3 O-O 6. Be2 e5 7. O-O Nc6 8. d5
Ne7 9. b4 a5 10. bxa5 Rxa5 11. a4 c5 12. Ra3 h6 13. Nd2 Ne8 14. Nb5 f5 15. exf5
gxf5 16. Nf3 Ng6 17. Ne1 Nf6 18. f4 Nxf4 19. Bxf4 exf4 20. Nd3 Ne4 21. Nxf4 Ng5
22. Kh1 b6 23. Re3 Ne4 24. Bd3 Be5 25. Bxe4 fxe4 26. Ng6 Rxf1+ 27. Qxf1 Qf6 28.
Qxf6 Bxf6 29. Nxd6 Rxa4 30. Re1 Bc3 31. Rg1 e3 32. Nxc8 e2 33. Nf4 e1=Q 34.
Rxe1 Bxe1 35. g3 Rxc4 36. Nxb6 Rb4 37. Nd7 c4 38. Ne5 c3 0-1

[Event "2BLS 1920 SC Emmendingen - TSV Schönai"]
[Site "?"]
[Date "2019.10.20"]
[Round "2.4"]
[White "Korpa, Bence"]
[Black "Ratkovic, Miloje"]
[Result "1/2-1/2"]
[WhiteElo "2560"]
[BlackElo "2456"]
[PlyCount "65"]
[EventDate "2019.??.??"]

1. e4 c6 2. d4 d5 3. exd5 cxd5 4. Bf4 Nc6 5. c3 Bf5 6. Nd2 e6 7. Ngf3 Bd6 8.
Bxd6 Qxd6 9. Nh4 Bg6 10. Be2 Nf6 11. O-O O-O-O 12. a4 Be4 13. f3 Bg6 14. Bb5
Bh5 15. g3 g5 16. Ng2 Kb8 17. a5 Bg6 18. b4 Rc8 19. Nb3 Nxb4 20. Nc5 Nc2 21.
Rb1 Rxc5 22. dxc5 Qxc5+ 23. Rf2 Na3 24. Rb4 Nxb5 25. Qe2 Ne4 26. fxe4 Nxc3 27.
Qb2 Rc8 28. Ne1 Nd1 29. Qe5+ Ka8 30. Nd3 Qe3 31. a6 bxa6 32. Qd6 Nxf2 33. Rb8+
1/2-1/2

[Event "2BLS 1920 SC Emmendingen - TSV Schönai"]
[Site "?"]
[Date "2019.10.20"]
[Round "2.5"]
[White "Wenninger, Philipp"]
[Black "Lodici, Lorenzo"]
[Result "0-1"]
[WhiteElo "2373"]
[BlackElo "2469"]
[PlyCount "120"]
[EventDate "2019.??.??"]

1. c4 e5 2. g3 c6 3. d4 e4 4. Nc3 d5 5. Bg2 Nf6 6. Bg5 Nbd7 7. cxd5 cxd5 8. e3
h6 9. Bxf6 Nxf6 10. Nge2 Bd6 11. O-O Be6 12. Qa4+ Qd7 13. Nf4 Qxa4 14. Nxa4 Bd7
15. Nc3 Bc6 16. f3 O-O 17. fxe4 dxe4 18. d5 Bd7 19. Nxe4 Nxe4 20. Bxe4 Rfe8 21.
Bf3 Rxe3 22. Rae1 Rae8 23. Rxe3 Rxe3 24. Kg2 g5 25. Nh5 Be5 26. g4 f5 27. gxf5
Bxf5 28. d6 Bxd6 29. Ng3 Bxg3 30. hxg3 Re7 31. Bd5+ Be6 32. Bxe6+ Rxe6 33. Rf2
Kg7 34. g4 Re5 35. Kg3 Re3+ 36. Kg2 Kg6 37. Rd2 Kf6 38. Kf2 Re7 39. Kf3 Ke5 40.
Re2+ Kd6 41. Rd2+ Kc5 42. Rc2+ Kb6 43. Rc4 Re6 44. Re4 Rc6 45. Rb4+ Kc5 46. Ke4
Rf6 47. Ke5 Rf2 48. a3 a5 49. Rb3 Rf4 50. Rc3+ Kb6 51. Rh3 Rxg4 52. Rxh6+ Kb5
53. Rh3 Ka4 54. Kd5 Rg2 55. b3+ Kxa3 56. Kc5 Rb2 57. b4+ Rb3 58. Rh5 Rxb4 59.
Rxg5 b6+ 60. Kc6 a4 0-1

[Event "2BLS 1920 SC Emmendingen - TSV Schönai"]
[Site "?"]
[Date "2019.10.20"]
[Round "2.6"]
[White "Weidemann, Joerg"]
[Black "Lorscheid, Gerhard"]
[Result "1/2-1/2"]
[WhiteElo "2277"]
[BlackElo "2257"]
[PlyCount "78"]
[EventDate "2019.??.??"]

1. e4 d6 2. d4 Nf6 3. Nc3 e5 4. Nf3 Nbd7 5. g4 Nxg4 6. Rg1 Ngf6 7. Be3 c6 8.
dxe5 Nxe5 9. Nxe5 dxe5 10. Qxd8+ Kxd8 11. O-O-O+ Ke8 12. Be2 Be6 13. f4 exf4
14. Bxf4 Rg8 15. Bf3 Bc5 16. Rg5 Be7 17. Rdg1 g6 18. R5g2 Bc5 19. Rd1 Rd8 20.
Rxd8+ Kxd8 21. Rd2+ Kc8 22. e5 g5 23. Bg3 Nd5 24. Bxd5 cxd5 25. Nxd5 Rd8 26. c4
h5 27. h4 gxh4 28. Bxh4 Rg8 29. Rh2 b5 30. Ne7+ Bxe7 31. Bxe7 Bxc4 32. b3 Bd5
33. Rxh5 Rg1+ 34. Kb2 Rg2+ 35. Ka1 a5 36. Rg5 Re2 37. Rg8+ Kb7 38. Bd6 b4 39.
Rg1 a4 1/2-1/2

[Event "2BLS 1920 SC Emmendingen - TSV Schönai"]
[Site "?"]
[Date "2019.10.20"]
[Round "2.7"]
[White "Buschle, Lukas"]
[Black "Vatter, Hans-Joachim"]
[Result "1/2-1/2"]
[WhiteElo "2114"]
[BlackElo "2236"]
[PlyCount "119"]
[EventDate "2019.??.??"]

1. d4 c5 2. d5 e5 3. e4 d6 4. Bd3 Be7 5. Be3 Bg5 6. Nf3 Bxe3 7. fxe3 Ne7 8.
Nbd2 O-O 9. O-O h6 10. a3 Nd7 11. Qe2 Nf6 12. b4 b6 13. bxc5 bxc5 14. Rab1 Kh8
15. Rb3 Ne8 16. Ba6 f5 17. Bxc8 Qxc8 18. Nh4 Rf6 19. Nxf5 Nxf5 20. Rxf5 Rxf5
21. exf5 Qxf5 22. e4 Qg6 23. Nc4 Rd8 24. Rg3 Qf7 25. Rf3 Qe7 26. Ne3 Rb8 27. h3
Rb7 28. Kh2 Kg8 29. Rg3 Kh7 30. Nf5 Qf7 31. h4 g6 32. Ne3 Qf4 33. h5 g5 34. Nf5
Nf6 35. Qf3 Nxe4 36. Qxf4 exf4 37. Rd3 Rb1 38. g3 fxg3+ 39. Nxg3 Nxg3 40. Kxg3
Re1 41. Rb3 Re7 42. a4 Kg7 43. a5 c4 44. Rb4 Re3+ 45. Kg4 Re4+ 46. Kf3 Rf4+ 47.
Kg3 Rd4 48. Rb7+ Kf6 49. Rxa7 Rxd5 50. Rh7 Rxa5 51. Rxh6+ Ke5 52. Rg6 Ra3+ 53.
Kg4 d5 54. h6 Ra8 55. c3 Ke4 56. Rxg5 d4 57. cxd4 c3 58. Rc5 Kxd4 59. Rc7 Kd3
60. Kg5 1/2-1/2

[Event "2BLS 1920 SC Emmendingen - TSV Schönai"]
[Site "?"]
[Date "2019.10.20"]
[Round "2.8"]
[White "Herbrechtsmeier, Christof"]
[Black "Brunner, Jan"]
[Result "1/2-1/2"]
[WhiteElo "2197"]
[BlackElo "1991"]
[PlyCount "59"]
[EventDate "2019.??.??"]

1. e4 c5 2. Nf3 Nc6 3. d4 cxd4 4. Nxd4 Nf6 5. Nc3 d6 6. Bc4 Qb6 7. Nb3 e6 8.
Be3 Qc7 9. Bd3 Be7 10. f4 a6 11. Qf3 Rb8 12. a4 Nb4 13. a5 Bd7 14. Bb6 Qc8 15.
O-O Nxd3 16. cxd3 Bc6 17. Rfc1 Qd7 18. Nd4 O-O 19. Nxc6 bxc6 20. d4 Rfc8 21.
Rc2 Qb7 22. f5 exf5 23. Qxf5 Nd7 24. Na4 Re8 25. Rac1 Rbc8 26. e5 dxe5 27. dxe5
Bd8 28. Bxd8 Rcxd8 29. Rd2 Nf8 30. Rxd8 1/2-1/2

[Event "2BLS 1920 SF Neuberg - TSV Schönaich"]
[Site "?"]
[Date "2019.11.23"]
[Round "3.1"]
[White "Krassowizkij, Jaroslaw"]
[Black "Lubbe, Nikolas"]
[Result "1-0"]
[WhiteElo "2452"]
[BlackElo "2450"]
[PlyCount "95"]
[EventDate "2019.??.??"]

1. e4 e5 2. Nf3 Nc6 3. d4 exd4 4. Nxd4 Nf6 5. Nxc6 bxc6 6. e5 Qe7 7. Qe2 Nd5 8.
g3 Nb6 9. b3 Qe6 10. Bg2 Bb4+ 11. c3 Bc5 12. Ba3 Bxa3 13. Nxa3 O-O 14. O-O a5
15. c4 Re8 16. f4 a4 17. Nc2 d5 18. Qf2 axb3 19. axb3 Bb7 20. c5 Nd7 21. b4 Nf8
22. Nd4 Qe7 23. Bh3 Reb8 24. Qe3 Qe8 25. e6 fxe6 26. Bxe6+ Kh8 27. Rxa8 Bxa8
28. Qc3 Qe7 29. Re1 Qf6 30. Re5 Bb7 31. Qe3 Ra8 32. Bg4 g6 33. Re7 Ra4 34. Re8
Kg7 35. Qe7+ Qxe7 36. Rxe7+ Kf6 37. Rxc7 Rxb4 38. Nxc6 Rb1+ 39. Kf2 Rb2+ 40.
Ke3 Bxc6 41. Rxc6+ Ke7 42. Rc7+ Kd8 43. Rc8+ Ke7 44. c6 Rc2 45. Kd4 h5 46. Bh3
Rd2+ 47. Ke5 Rxh2 48. Rxf8 1-0

[Event "2BLS 1920 SF Neuberg - TSV Schönaich"]
[Site "?"]
[Date "2019.11.23"]
[Round "3.2"]
[White "Lubbe, Melanie"]
[Black "Plenca, Jadranko"]
[Result "1-0"]
[WhiteElo "2259"]
[BlackElo "2458"]
[PlyCount "67"]
[EventDate "2019.??.??"]

1. e4 e5 2. Nf3 Nc6 3. Bc4 Bc5 4. c3 Nf6 5. d3 O-O 6. O-O d5 7. exd5 Nxd5 8.
Re1 Bg4 9. Nbd2 Nb6 10. h3 Bh5 11. Bb3 Re8 12. Ne4 Bf8 13. a4 Nd5 14. Bg5 Be7
15. Bxe7 Rxe7 16. Ng3 Bg6 17. Nh4 Nf4 18. Qg4 Rd7 19. Nxg6 Nxg6 20. Nf5 Kh8 21.
Re3 f6 22. h4 Nf8 23. Nh6 e4 24. d4 g6 25. Nf7+ Rxf7 26. Bxf7 f5 27. Qf4 Kg7
28. Ba2 Nd7 29. f3 Nf6 30. fxe4 fxe4 31. Rf1 Qd6 32. g4 Qxf4 33. Rxf4 Ne7 34.
g5 1-0

[Event "2BLS 1920 SF Neuberg - TSV Schönaich"]
[Site "?"]
[Date "2019.11.23"]
[Round "3.3"]
[White "Saric, Ante"]
[Black "Wahedi, Ahmad Siar"]
[Result "1-0"]
[WhiteElo "2553"]
[BlackElo "2269"]
[PlyCount "65"]
[EventDate "2019.??.??"]

1. Nf3 Nf6 2. g3 g6 3. b3 Bg7 4. Bb2 d6 5. d4 c5 6. d5 O-O 7. Bg2 e6 8. dxe6
fxe6 9. O-O Nc6 10. c4 a6 11. e3 Rb8 12. Nbd2 b5 13. Ng5 d5 14. cxd5 exd5 15.
Rc1 c4 16. a3 h6 17. Ngf3 Bf5 18. Ne5 Nxe5 19. Bxe5 Rb6 20. e4 dxe4 21. bxc4 e3
22. fxe3 Ng4 23. Bd5+ Kh7 24. Bxg7 Kxg7 25. Qe2 bxc4 26. Nxc4 Rb5 27. e4 Rxd5
28. exd5 Qxd5 29. Qe7+ Rf7 30. Qd6 Qe4 31. Rf4 Qe8 32. Rxg4 Bxg4 33. Qe5+ 1-0

[Event "2BLS 1920 SF Neuberg - TSV Schönaich"]
[Site "?"]
[Date "2019.11.23"]
[Round "3.5"]
[White "Ratkovic, Miloje"]
[Black "Schaffer, Hendrik"]
[Result "1-0"]
[WhiteElo "2447"]
[BlackElo "2270"]
[PlyCount "71"]
[EventDate "2019.??.??"]

1. d4 Nf6 2. c4 g6 3. Nc3 Bg7 4. e4 d6 5. f3 O-O 6. Be3 c5 7. dxc5 dxc5 8. Qxd8
Rxd8 9. Bxc5 Nc6 10. Be3 Nd7 11. Nge2 Nde5 12. Nf4 Nb4 13. Rc1 g5 14. Nfd5
Ned3+ 15. Bxd3 Nxd3+ 16. Ke2 Nxc1+ 17. Rxc1 Rd7 18. Bxg5 f6 19. Bf4 e5 20. Be3
b6 21. g4 Ba6 22. b3 Kf7 23. Rf1 Ke6 24. f4 exf4 25. Rxf4 Rf8 26. Rf5 Bb7 27.
Rh5 Rh8 28. Bd4 Rf7 29. Kd3 Bc6 30. h3 Be8 31. Rf5 Rhf8 32. Nf4+ Kd7 33. Rd5+
Kc8 34. Ne6 Rg8 35. Rd8+ Kb7 36. Nb5 1-0

[Event "2BLS 1920 SF Neuberg - TSV Schönaich"]
[Site "?"]
[Date "2019.11.23"]
[Round "3.6"]
[White "Lutz, Klaus-Juergen"]
[Black "Ratkovic, Milovan"]
[Result "1-0"]
[WhiteElo "2236"]
[BlackElo "2441"]
[PlyCount "75"]
[EventDate "2019.??.??"]

1. e4 c6 2. Nc3 d5 3. Nf3 a6 4. h3 d4 5. Ne2 c5 6. b4 e6 7. bxc5 Bxc5 8. Bb2
Nc6 9. c3 d3 10. Ned4 Nge7 11. Bxd3 e5 12. Nxc6 Nxc6 13. Qe2 Qf6 14. Bc4 Qg6
15. d4 Bd6 16. dxe5 Nxe5 17. Nxe5 Bxe5 18. Qf3 O-O 19. O-O Be6 20. Bd5 Rac8 21.
Rac1 Bxd5 22. exd5 Rfd8 23. Ba3 b5 24. Rfe1 Qf6 25. Qxf6 Bxf6 26. d6 Rxc3 27.
d7 Rxc1 28. Bxc1 h6 29. Rd1 Kf8 30. Be3 Ke7 31. Bc5+ Ke6 32. Rd6+ Ke7 33. Rd1+
Ke6 34. f4 Rg8 35. g4 Bd8 36. f5+ Kf6 37. Re1 g6 38. Bd4+ 1-0

[Event "2BLS 1920 SF Neuberg - TSV Schönaich"]
[Site "?"]
[Date "2019.11.23"]
[Round "3.7"]
[White "Wenninger, Philipp"]
[Black "Bethke, Richard"]
[Result "1-0"]
[WhiteElo "2363"]
[BlackElo "2333"]
[PlyCount "87"]
[EventDate "2019.??.??"]

1. d4 d5 2. c4 e6 3. Nc3 Nf6 4. cxd5 exd5 5. Bg5 Be7 6. e3 O-O 7. Bd3 Be6 8.
Nge2 Nh5 9. Bxe7 Qxe7 10. Qc2 Nf6 11. Nf4 c6 12. O-O Nbd7 13. Rfe1 c5 14. e4
dxe4 15. Nxe4 cxd4 16. Ng5 Rfc8 17. Rxe6 Qxe6 18. Bxh7+ Kh8 19. Nfxe6 Rxc2 20.
Bxc2 fxe6 21. Nxe6 Ne5 22. Nxd4 Rc8 23. h3 Rc4 24. Rd1 Nc6 25. Nxc6 Rxc2 26.
Nxa7 Rxb2 27. a4 Ne4 28. Nb5 Ra2 29. Rd4 Ra1+ 30. Kh2 Nxf2 31. Nd6 Rb1 32. Rd2
Nd1 33. Nxb7 Rxb7 34. Rxd1 Ra7 35. Ra1 Ra5 36. Kg3 Kh7 37. Kf4 Kg6 38. Ke4 Kh5
39. Kd4 Kh4 40. Kc4 Kg3 41. Ra2 g5 42. Kb4 Rf5 43. a5 Rf4+ 44. Kb3 1-0

[Event "2BLS 1920 SF Neuberg - TSV Schönaich"]
[Site "?"]
[Date "2019.11.23"]
[Round "3.8"]
[White "Koller, Jens"]
[Black "Lorscheid, Gerhard"]
[Result "0-1"]
[WhiteElo "2166"]
[BlackElo "2254"]
[PlyCount "72"]
[EventDate "2019.??.??"]

1. e4 d6 2. d4 Nf6 3. Nc3 e5 4. Nge2 Be7 5. g3 exd4 6. Nxd4 d5 7. e5 Nfd7 8. f4
Nb6 9. Qh5 g6 10. Qe2 c5 11. Nb3 O-O 12. Bg2 Nc6 13. Qf2 c4 14. Nd4 f6 15. Nxc6
bxc6 16. exf6 Bxf6 17. O-O Bf5 18. Rd1 Re8 19. Be3 Bxc2 20. Qxc2 Rxe3 21. Re1
Qe7 22. Qd2 Re8 23. Rxe3 Qxe3+ 24. Qxe3 Rxe3 25. Kf2 Rd3 26. Rd1 Rxd1 27. Nxd1
Na4 28. b3 cxb3 29. axb3 Nc5 30. Ne3 Bd4 31. Ke2 Bxe3 32. Kxe3 Nxb3 33. Kd3 Kf7
34. Kc3 Nc5 35. Kd4 Nd7 36. g4 Ke7 0-1

[Event "2BLS 1920 SV Worms 1878 - Stuttgarter S"]
[Site "?"]
[Date "2019.11.23"]
[Round "3.1"]
[White "Schitco, Ivan"]
[Black "Nasshan, Dennis"]
[Result "1/2-1/2"]
[WhiteElo "2484"]
[BlackElo "2297"]
[PlyCount "58"]
[EventDate "2019.??.??"]

1. c4 e6 2. Nf3 Nf6 3. e3 d5 4. b3 Be7 5. Bb2 O-O 6. Nc3 b6 7. g3 Bb7 8. Bg2 c5
9. O-O Nbd7 10. Nh4 Rb8 11. cxd5 Nxd5 12. Nxd5 Bxd5 13. Bxd5 exd5 14. Ng2 Nf6
15. Nf4 Qd7 16. Rc1 Rbc8 17. Qe2 Ne4 18. d3 Ng5 19. Nh5 f6 20. Nf4 Qf5 21. Rfe1
Ne6 22. Ng2 Rfe8 23. e4 dxe4 24. dxe4 Qg6 25. Qc4 Qf7 26. f4 Rcd8 27. Rcd1 Nd4
28. Qxf7+ Kxf7 29. Kf2 Nc2 {(=)} 1/2-1/2

[Event "2BLS 1920 SV Worms 1878 - Stuttgarter S"]
[Site "?"]
[Date "2019.11.23"]
[Round "3.2"]
[White "Karsay, Pascal"]
[Black "Macovei, Andrei"]
[Result "0-1"]
[WhiteElo "2289"]
[BlackElo "2439"]
[PlyCount "76"]
[EventDate "2019.??.??"]

1. Nf3 Nf6 2. c4 e6 3. Nc3 d5 4. e3 b6 5. b3 Bb7 6. Bb2 a6 7. Be2 Bd6 8. O-O
O-O 9. Rc1 Nbd7 10. Re1 Re8 11. Bf1 dxc4 12. bxc4 e5 13. d3 e4 14. dxe4 Nxe4
15. Nxe4 Bxe4 16. Qd4 Nf6 17. Red1 Qe7 18. Be2 Rad8 19. Qc3 a5 20. Qb3 Nd7 21.
Nd2 Bf5 22. Qc3 Be5 23. Qa3 Bd6 24. Qc3 Be5 25. Qa3 Bxb2 26. Qxb2 Nc5 27. Nb3
Na4 28. Qa1 Rxd1+ 29. Bxd1 Be4 30. Bc2 Ba8 31. Rd1 Qg5 32. g3 Bf3 33. Rd4 Rxe3
34. Qc1 Re8 35. Rf4 Ba8 36. Qd2 Qe5 37. Kf1 g6 38. Rd4 Qh5 0-1